000 00446nam a2200181Ia 4500
001 17506
005 20260306171522.0
008 260306s9999||||xx |||||||||||||| ||und||
041 _aESP
082 _a658
_bR71F 2013
100 _aRobbins, Stephen
_eAUT
245 0 _aFundamentos de administración:
_bconceptos esenciales y aplicaciones
260 _c2013
300 _a
_c
650 _aGEN
654 _aCAN
942 _cLIB
_dJUS
_fJUS
_2ddc
_n
999 _c17506
_d17506